| 000 | 01080nam a22002537a 4500 | ||
|---|---|---|---|
| 005 | 20170713101222.0 | ||
| 010 | _a1516EN07 ENG-114824 | ||
| 020 |
_a9789332546950 _c575.00 |
||
| 020 |
_a9789332546950 _c675.00 (AV) |
||
| 035 | _aEN-98356 | ||
| 035 | _aB-614176-200 | ||
| 035 | _aB-668012 | ||
| 037 |
_adpl _bTechniz BooksI/Ven |
||
| 037 | _bDBAD/PUB | ||
| 082 | _a574 | ||
| 100 | _aGanguly, Ananya | ||
| 245 |
_aFundamentals of organic chemistry for the JEE (main and advanced) / _cby Ananya Ganguly |
||
| 260 |
_aNoida _bPearson Education _c2015 |
||
| 270 |
_aA-8 (A), 7th Floor, Knowledge Boulevard, Sector 62 _bNoida _e201309 (U.P) |
||
| 300 |
_aV.1(various vagings) : _bill. _c27cm(pbk) |
||
| 942 |
_2ddc _cEN _mGAN _h574 |
||
| 999 |
_c95565 _d95565 |
||